000 00756nam a2200253 a 4500
001 23973
003 BD-RjUL
005 20211209001007.0
008 190212s1951 ii 000 0 eng
035 _a(BD-RjUL)24038
040 _aDLC
_cCLobS
_dOCoLC
_dDLC
_beng
_eBD-RjUL
041 _aeng
042 _apremarc
082 _a954
_223
_bAGH 1951
100 1 _aAgarwalla, Nursingdas,
_d1905-
_9229328
245 1 4 _aThe Hindu-Muslim question /
_cby Nursingdas Agarwalla
260 _aCalcutta:
_bAtulananda Chakrabarti,
_c1951.
300 _a[8], 80 p. ;
_c19 cm.
650 0 _aMuslims
_zIndia.
_9229329
650 0 _aHinduism
_zIndia
_9229331
651 0 _aIndia
_xPolitics and government
_y1947-
_9229330
942 _2ddc
_cRAR
999 _c23973
_d23973